| 000 | 01023cam a22003611i 4500 | ||
|---|---|---|---|
| 001 | 200466381 | ||
| 003 | TR-AnTOB | ||
| 005 | 20251201173910.0 | ||
| 007 | ta | ||
| 008 | 251201s1959 nyua b 000 0 eng d | ||
| 010 | _a 59010727 | ||
| 015 | _aGB59-17409 | ||
| 035 | _a8419014 | ||
| 035 | _a(OCoLC)283830 | ||
| 040 |
_aDLC _beng _erda _cOYU _dOCoLC _dUk _dDLC _dTR-AnTOB |
||
| 041 | 0 | _aeng | |
| 050 | 0 | 0 |
_aQD73 _b.W15 1959 |
| 090 |
_aQD73 _b.W15 1959 |
||
| 100 | 1 |
_aWalas, Stanley M. _eauthor _9151045 |
|
| 245 | 1 | 0 |
_aReaction kinetics for chemical engineers / _cStanley M. Walas. |
| 264 | 1 |
_aNew York : _bMcGraw-Hill, _c1959. |
|
| 264 | 4 | _c©1959 | |
| 300 |
_a338 pages : _billustration ; _b24 cm |
||
| 336 |
_atext _btxt _2rdacontent |
||
| 337 |
_aunmediated _bn _2rdamedia |
||
| 338 |
_avolume _bnc _2rdacarrier |
||
| 490 | 0 | _aMcGraw-Hill series in chemical engineering | |
| 504 | _aBIB | ||
| 650 | 0 |
_aChemical reactions. _9137862 |
|
| 942 |
_2lcc _cBK |
||
| 999 |
_c200466381 _d84593 |
||